Contabilidad 4 /
Guardado en:
| Autor Principal: | |
|---|---|
| Formato: | Libro |
| Publicado: |
Buenos Aires :
Sainte Claire,
1991
|
| Etiquetas: |
Agregar Etiqueta
Sin Etiquetas, Sea el primero en etiquetar este registro!
|
| LEADER | 00428nam a22001455a 4500 | ||
|---|---|---|---|
| 001 | CEM.cems002795 | ||
| 005 | 20060220000000.0 | ||
| 008 | 130507s1991##################000#0#####d | ||
| 003 | CEMS | ||
| 082 | 0 | 4 | |a 657 |
| 100 | 1 | |a García Apolinar, Edgardo | |
| 245 | 1 | 0 | |a Contabilidad 4 / |c Edgardo García Apolinar |
| 260 | |a Buenos Aires : |b Sainte Claire, |c 1991 | ||
| 300 | |a 1781 p. | ||
| 859 | |a CEMS |b BIB. CEMS - 11 de abril |h 657 |i G165-1/IV |p 16104.91 |t Ej.1 | ||
